| 000 | 00450nam a2200181Ia 4500 | ||
|---|---|---|---|
| 005 | 20240712110445.0 | ||
| 008 | 131103s9999 xx 000 0 und d | ||
| 020 | _a340 07272 5 | ||
| 040 | _aLoreto College | ||
| 041 | _aEnglish | ||
| 082 |
_a821 _bBRO |
||
| 245 |
_aMan alive _b a book pf verse for boys |
||
| 260 |
_aLondon _bUniversity of London Press _c1967 |
||
| 300 | _a128p | ||
| 650 | _aEnglish poetry | ||
| 850 | _aLCBED | ||
| 942 | _cBK | ||
| 999 |
_c29479 _d79958 |
||